000 00813nam a2200241 i 4500
001 181596
003 ES-MaACL
005 20231020135949.0
008 130221s2012 sp a | |||||||| | spa d
020 _a978-84-267-1895-2
080 _a621.438
080 _a621.515
100 1 _aGil García, Gregorio.
_9138102
245 1 0 _aTurbinas y compresores de gas :
_blos motores del siglo XXI /
_cGregorio Gil García.
260 _aBarcelona :
_bMarcombo,
_c[2012]
300 _a599 p. :
_bil., gráf. ;
_c24 cm.
650 7 _aTurbinas de gas.
_9143511
650 4 _aTurbocrompresores.
_9152330
852 _aES-MaACL
_jA-12663
_9188499
_bR.149088
_cDEPO1
_dOlim: N-5664
_xDonación: Gregorio Gil García
903 _9138102
_aGil García, Gregorio
_ednr
942 _2udc
_cMONOGRAFIA
999 _c181596
_d181596